Central Library OPAC University of Rajshahi

Modern Japan; land and man / (Record no. 23667)

MARC details
000 -LEADER
fixed length control field 00969nam a2200301 4500
001 - CONTROL NUMBER
control field 23667
003 - CONTROL NUMBER IDENTIFIER
rucl marc code BD-RjUL
005 - DATE AND TIME OF LATEST TRANSACTION
control field 20211209000945.0
008 - FIXED-LENGTH DATA ELEMENTS--GENERAL INFORMATION
fixed length control field 140311s1974 ja ab s 001 0 eng d
035 ## - SYSTEM CONTROL NUMBER
System control number (BD-RjUL)23732
040 ## - CATALOGING SOURCE
Original cataloging agency DLC
Transcribing agency DLC
Modifying agency OCL
-- NLGGC
-- BD-RjUL
Language of cataloging eng
041 1# - LANGUAGE CODE
Language code of text/sound track or separate title eng
Language code of original jpn
082 00 - DEWEY DECIMAL CLASSIFICATION NUMBER
Classification number 915.2
Author mark and year MOD 1974
245 10 - TITLE STATEMENT
Title Modern Japan; land and man /
Statement of responsibility, etc. edited by Toshio Noh and Douglas H. Gordon.
260 ## - PUBLICATION, DISTRIBUTION, ETC. (IMPRINT)
Place of publication, distribution, etc. Tokyo :
Name of publisher, distributor, etc. Teikoku-Shoin,
Date of publication, distribution, etc. c1974.
300 ## - PHYSICAL DESCRIPTION
Pagination iv, 146 p. :
Illustrations ill., maps ;
Size 21 cm.
490 0# - SERIES STATEMENT
Series statement Teikoku's geography of Japan
500 ## - GENERAL NOTE
General note Translation of Nihon chiri.
General note "Teikoku-Shoin Co. ... commissioned this English version"--t.p. verso.
650 #0 - SUBJECT ADDED ENTRY--TOPICAL TERM
Topical term or geographic name as entry element Economic geography.
9 (RLIN) 7860
651 #0 - SUBJECT ADDED ENTRY--GEOGRAPHIC NAME
Geographic name Japan
General subdivision Economic conditions
Chronological subdivision 1945-1989.
9 (RLIN) 6179
700 1# - ADDED ENTRY--PERSONAL NAME
Personal name Noh, Toshio
Personal name Gordon, Douglas H.
942 ## - ADDED ENTRY ELEMENTS (KOHA)
Source of classification or shelving scheme Dewey Decimal Classification
Koha item type Books
Holdings
Lost status Source of classification or shelving scheme Damaged status Not for loan Collection code Permanent Location Current Location Shelving location Date acquired Source of acquisition Total Checkouts Full call number Date last seen Copy number Koha item type
  Dewey Decimal Classification   Added to bundle Non-fiction Central Library, University of Rajshahi Central Library, University of Rajshahi Reading Room 25/03/1975 Japan   915.2 MOD 1974 11/03/2014 C-1 Books